Score 0/18 Timer 04:00
0 Plays Today
Hint Answer % Correct
10th place, 2nd jurorJoe Anglim
95.1%
8th place, 4th jurorShirin Oskooi
92%
9th place, 3rd jurorJenn Brown
91.5%
11th place, 1st jurorHali Ford
91.2%
18th placeSo Kim
90.7%
WinnerMike Holloway
88.8%
4th place, 8th jurorRodney Lavoie, Jr.
87.3%
5th place, 7th jurorSierra Thomas
87%
Co Runner-UpWill Sims II
86.4%
Hint Answer % Correct
7th place, 5th jurorTyler Fredrickson
86%
6th place, 6th jurorDan Foley
85.6%
17th placeVince Sly
85.1%
14th placeMax Dawson
84.4%
Co Runner-UpCarolyn Rivera
84.2%
12th placeKelly Remington
83.4%
13th placeJoaquin Souberbielle
83.4%
16th placeNina Poersch
82.1%
15th placeLindsey Cascaddan
80.3%
Remove Ads.
Support Sporcle.
Get the best of Sporcle when you Go Orange. This ad-free experience offers more features, more stats, and more fun while also helping to support Sporcle. Thank you for becoming a member.

You're not logged in!

Compare scores with friends on all Sporcle quizzes.
OR
Log In

Show Comments

Extras

Top Quizzes Today


Score Distribution

Your Account Isn't Verified!

In order to create a playlist on Sporcle, you need to verify the email address you used during registration. Go to your Sporcle Settings to finish the process.

Report this User

Report this user for behavior that violates our Community Guidelines.

Details: